| 000 | 00618nam a2200181 4500 | ||
|---|---|---|---|
| 001 | 5300 | ||
| 005 | 20181127175203.0 | ||
| 020 | 0 | 0 | _a9789384544362 |
| 090 | 0 | 0 | _a915.15045 M3671b 2015 |
| 100 | 0 | 0 | _aMarshall, Jane. |
| 245 | 0 | 0 |
_aBack over the mountains : _ba journey to the buddha within / _cJane Marshall. _h |
| 250 | 0 | 0 | _a1st ed. |
| 260 | 0 | 0 |
_aNew Delhi : _bHay House Publishers, _c2015. |
| 300 | 0 | 0 | _a300 p. ; 25 cm. |
| 650 | 0 | 0 |
_aDhamchöe, Kushok Lobsang. _x |
| 650 | 0 | 0 |
_aMarshall, Jane -- (Traveler) -- Travel -- China -- Tibet Autonomous Region _x |
| 650 | 0 | 0 |
_aMarshall, Jane -- (Traveler) -- Travel -- Nepal. _x |
| 999 |
_c4446 _d4446 |
||